Statistiques concernant Pays commençant par la lettre N

Cliquez ici pour prendre le quiz!

Statistiques générales

  • Ce quiz a été pris 49 334 fois
    (48 038 depuis la dernière actualisation)
  • Le résultat moyen est 6 sur 8

Statistiques - réponses

Pays% Correct
Namibie
87%
Niger
81%
Nicaragua
80%
Nigeria
80%
Norvège
80%
Nouvelle-Zélande
74%
Népal
73%
Nauru
56%

Distribution des résultats

Percentile par nombre de réponses

% des personnes avec chaque résultat

Votre développement - résultats

Vous n’avez pas pris ce quiz depuis la dernière actualisation